-
Laudon, Kennet N C & Laudon, Jane D
Entry Personal Name
Number of records used in: 1
001 - CONTROL NUMBER
003 - CONTROL NUMBER IDENTIFIER
005 - DATE AND TIME OF LATEST TRANSACTION
- control field:
20180906143654.0
008 - FIXED-LENGTH DATA ELEMENTS
- fixed length control field:
180906|| aca||aabn | a|a d
040 ## - CATALOGING SOURCE
- Original cataloging agency:
OSt
- Transcribing agency:
OSt
100 ## - HEADING--PERSONAL NAME
- Personal name:
Laudon, Kennet N C & Laudon, Jane D
670 ## - SOURCE DATA FOUND
- Source citation:
Work cat.: (OSt)1440: Laudon, Kennet N C & Laudon, Jane D, Management Information Systems, 2004